000 00376 a2200157 4500
001 167197
020 _a
040 _cMagnum
100 _aGrinspun, Mirian P.s. (Org.)
240 1 0 _aEducacao tecnologica: desafios e perspectivas
_lpor
245 1 0 _aEducacao tecnologica: desafios e perspectivas
362 0 _a1899
440 1 _aCortez
697 _aGERAL
942 _cBK
999 _c167197
_d167197